Agroecología, consumo responsable y educación alimentaria en el contexto de la Unión Europea : (Record no. 174898)
[ view plain ]
| 000 -LEADER | |
|---|---|
| campo de control de longitud fija | 01632nmm a2200253 i 4500 |
| 001 - NÚMERO DE CONTROL | |
| campo de control | 174898 |
| 003 - IDENTIFICADOR DE NÚMERO DE CONTROL | |
| campo de control | ES-MaACL |
| 005 - FECHA Y HORA DE LA ÚLTIMA TRANSACCIÓN | |
| campo de control | 20250622043708.0 |
| 008 - DATOS DE LONGITUD FIJA--INFORMACIÓN GENERAL | |
| campo de control de longitud fija | 100621s2010 sp m | | 101 m spa d |
| 080 ## - NÚMERO DE LA CLASIFICACIÓN DECIMAL UNIVERSAL | |
| Número de la Clasificación Decimal Universal | 631.95 |
| 080 ## - NÚMERO DE LA CLASIFICACIÓN DECIMAL UNIVERSAL | |
| Número de la Clasificación Decimal Universal | 366.1:17 |
| 245 00 - MENCIÓN DEL TÍTULO | |
| Título | Agroecología, consumo responsable y educación alimentaria en el contexto de la Unión Europea : |
| Resto del título | Ateneo de Madrid, 10 de abril de 2010 [ |
| Medio | Grabación sonora] / |
| Mención de responsabilidad, etc. | realizado, grabado y editado por Pablo Morán y Miguel Angulo. |
| 260 ## - PUBLICACIÓN, DISTRIBUCIÓN, ETC. | |
| Lugar de publicación, distribución, etc. | [Madrid] : |
| Nombre del editor, distribuidor, etc. | P. Morán y M. Angulo, |
| Fecha de publicación, distribución, etc. | 2010. |
| 300 ## - DESCRIPCIÓN FÍSICA | |
| Extensión | 1 disco compacto (CD-DA) ; |
| Dimensiones | 12 cm. |
| 505 8# - NOTA DE CONTENIDO CON FORMATO | |
| Nota de contenido con formato | Contiene: 1. El Ateneo de Madrid (3' 10'') 2. Presentación de las Jornadas (16' 42'') 3 ; |
| Título | Soja transgénica y multinacionales. Hambre y contaminación / |
| Mención de responsabilidad | Cristina Delgado (9' 26'') 4. -- |
| Título | La UE como agente de la inseguridad alimentaria / |
| Mención de responsabilidad | Pilar Galindo (11' 18'') 5. -- |
| Título | Exclusión, menores y educación alimentaria / |
| Mención de responsabilidad | Amparo Caballero (14' 01'') 6. -- |
| Título | Asamblea contra la privatización de la Universidad / |
| Mención de responsabilidad | Ivana Turégano y Gonzalo Maestro (12' 19'') 7. Debate (34' 37'') 8. Poemas y canciones. Esperanza Párraga, Marco César Romero y Armando Martínez (6' 37'') |
| 518 ## - NOTA DE FECHA/HORA Y LUGAR DE UN ACONTECIMIENTO | |
| Nota de fecha/hora y lugar de un acontecimiento | Campaña contra la Presidencia Española de la UE, 1er semestre 2010. |
| 610 #7 - PUNTO DE ACCESO ADICIONAL DE MATERIA--NOMBRE DE ENTIDAD CORPORATIVA | |
| Nombre de entidad corporativa o nombre de jurisdicción como elemento de entrada | Ateneo de Madrid- |
| Subdivisión general | Actos culturales- |
| Subdivisión cronológica | 2010- |
| Subdivisión de forma | Grabaciones sonoras |
| Fuente del encabezamiento o término | |
| 9 (RLIN) | 143154 |
| 650 #4 - PUNTO DE ACCESO ADICIONAL DE MATERIA--TÉRMINO DE MATERIA | |
| Término de materia o nombre geográfico como elemento de entrada | Ecología agrícola. |
| 9 (RLIN) | 12000 |
| 650 #4 - PUNTO DE ACCESO ADICIONAL DE MATERIA--TÉRMINO DE MATERIA | |
| Término de materia o nombre geográfico como elemento de entrada | Desarrollo sostenible- |
| Subdivisión de forma | Congresos y asambleas. |
| 9 (RLIN) | 11818 |
| 700 1# - ENTRADA AGREGADA--NOMBRE PERSONAL | |
| Nombre de persona | Morán, Pablo. |
| 9 (RLIN) | 143156 |
| 700 1# - ENTRADA AGREGADA--NOMBRE PERSONAL | |
| Nombre de persona | Angulo, Miguel. |
| 9 (RLIN) | 143155 |
| 852 4# - LOCALIZACIÓN | |
| Ubicación | ES-MaACL |
| Número de control de estantería | ROT 2/6/1 |
| Nota libre | - CD-DA |
| Estatus retirado | Estado de pérdida | Estado de daño | No para préstamo | Colección | Biblioteca de origen | Biblioteca actual | Ubicación en estantería | Fecha de adquisición | Fuente de adquisición | Total de préstamos | Signatura topográfica completa | Código de barras | Visto por última vez | Precio de reemplazo | Tipo de ítem Koha |
|---|---|---|---|---|---|---|---|---|---|---|---|---|---|---|---|
| Fondo Ateneo de Madrid | Biblioteca del Ateneo de Madrid | Biblioteca del Ateneo de Madrid | Depósito | 21/06/2010 | ROT 2/6/1 | 1183620 | 23/02/2023 | 23/02/2023 | Libro impreso |
